Forestry curriculum 1986

Uloženo v:
Podrobná bibliografie
Korporativní autor: Faculty of forestry, Kasetsart University
Médium: Kniha
Jazyk:Undetermined
Vydáno: Bangkok Faculty of forestry, Kasetsart University
Témata:
Tagy: Přidat tag
Žádné tagy, Buďte první, kdo otaguje tento záznam!
Thư viện lưu trữ: Trung tâm Học liệu Trường Đại học Cần Thơ
LEADER 00568nam a2200181Ia 4500
001 CTU_126152
008 210402s9999 xx 000 0 und d
082 |a 375.6349 
082 |b F143 
110 |a Faculty of forestry, Kasetsart University 
245 0 |a Forestry curriculum 1986 
245 0 |c Faculty of forestry, Kasetsart University 
260 |a Bangkok 
260 |b Faculty of forestry, Kasetsart University 
650 |a Forestry schools and education 
650 |x Curricula 
904 |i Nguyên 
980 |a Trung tâm Học liệu Trường Đại học Cần Thơ